000 00506nam a2200169Ia 4500
001 23408
005 20260414150935.0
008 260414t2016||||xx |||||||||||||| ||spa||
041 _aESP
082 _a649.3
_bA16
100 _aAbu-Sabbah, Sara
_eAUT
245 0 _aPregúntame sobre nutrición infantil :
_bdatos útiles para criar niños y niñas saludables: los alimentos necesarios, sus beneficios y las cantidades
260 _c2016
650 _aCIS
654 _aCAN
942 _cLIB
_dJUS
_fJUS
_2ddc
_n
999 _c23408
_d23408